书目信息 |
| 题名: |
大校的女儿
|
|
| 作者: | 王海鸰, 著 | |
| 分册: | ||
| 出版信息: | 北京 作家出版社 2014.1 |
|
| 页数: | 451页 | |
| 开本: | 21cm | |
| 丛书名: | 王海鸰文集 | |
| 单 册: | ||
| 中图分类: | I247.57 | |
| 科图分类: | ||
| 主题词: | 长篇小说--chang pian xiao shuo--中国--当代 | |
| 电子资源: | ||
| ISBN: | 978-7-5063-7198-8 | |
| 000 | 01207nam 2200265 450 | |
| 001 | 0100004129 | |
| 005 | 20140313160853.6 | |
| 010 | @a978-7-5063-7198-8@dCNY33.00 | |
| 100 | @a20130318d2014 em y0chiy0121 ea | |
| 101 | 0 | @achi |
| 102 | @aCN@b110000 | |
| 105 | @ay z 000ay | |
| 106 | @ar | |
| 200 | 1 | @a大校的女儿@Ada xiao de nv er@e2014珍藏版@f王海鸰著 |
| 210 | @a北京@c作家出版社@d2014.1 | |
| 215 | @a451页@d21cm | |
| 225 | 2 | @a王海鸰文集@Awang hai ling wen ji |
| 314 | @a王海鸰, 著名作家, 著名编剧。1952年12月生于山东。16岁当兵至济南军区某部海岛, 做过通讯兵、卫生兵、业余宣传队队员。1983年调至总政话剧团任编剧。 | |
| 330 | @a本书描写了一位女军人的成长经历和情感历程。上世纪70年代某部队通信连, 出身贫苦的农村兵姜士安爱上了大校的女儿韩琳。父亲在老家给姜找了一个没有文化的未婚妻, 这使姜陷入矛盾之中, 他喜欢的韩琳对他没有任何特别的感觉。面对现实, 姜士安只好选择与家乡的翠花结婚…… 岁月流逝, 人到中年, 姜士安与韩琳又不期而遇, 韩琳这才发现了内心的真实情愫。 | |
| 410 | 0 | @12001 @a王海鸰文集 |
| 606 | 0 | @a长篇小说@Achang pian xiao shuo@y中国@z当代 |
| 690 | @aI247.57@v5 | |
| 701 | 0 | @a王海鸰,@Awang hai ling@f1952-@4著 |
| 801 | 0 | @aCN@c20160515 |
| 905 | @a河南城建学院图书馆@dI247.57@eW203-3 | |
| 大校的女儿:2014珍藏版/王海鸰著.-北京:作家出版社,2014.1 |
| 451页;21cm.-(王海鸰文集) |
| ISBN 978-7-5063-7198-8:CNY33.00 |
| 本书描写了一位女军人的成长经历和情感历程。上世纪70年代某部队通信连, 出身贫苦的农村兵姜士安爱上了大校的女儿韩琳。父亲在老家给姜找了一个没有文化的未婚妻, 这使姜陷入矛盾之中, 他喜欢的韩琳对他没有任何特别的感觉。面对现实, 姜士安只好选择与家乡的翠花结婚…… 岁月流逝, 人到中年, 姜士安与韩琳又不期而遇, 韩琳这才发现了内心的真实情愫。 |
| ● |
| 相关链接 |
|
|
|
正题名:大校的女儿
索取号:I247.57/W203-3
 
预约/预借
| 序号 | 登录号 | 条形码 | 馆藏地/架位号 | 状态 | 备注 |
| 1 | 1251815 | 212518159 | 文学库108/108文学库 999排9列2层/ [索取号:I247.57/W203-3] | 在馆 | |
| 2 | 1251816 | 212518168 | 文学库108/108文学库 999排9列2层/ [索取号:I247.57/W203-3] | 在馆 | |
| 3 | 1251817 | 212518177 | 文学库108/108文学库 999排9列2层/ [索取号:I247.57/W203-3] | 在馆 |